000 00403nam a2200181Ia 4500
001 10292
005 20260306161821.0
008 260306t1966||||xx |||||||||||||| ||spa||
041 _aESP
082 _a917.3
_bM26
100 _aMaritain, Jacques
_eAUT
245 0 _aAmérica
260 _c1966
300 _a170 páginas :
_c17 cm.
650 _aGEN
654 _aCHU
942 _cLIB
_dJUS
_fJUS
_2ddc
_n
999 _c10292
_d10292